Montessori : (Registro nro. 34486)

Detalles MARC
000 -LEADER
fixed length control field 01211nam a2200337 4500
001 - CONTROL NUMBER
control field 0000019805
003 - CONTROL NUMBER IDENTIFIER
control field CO-CtgCURN
005 - DATE AND TIME OF LATEST TRANSACTION
control field 20250429224005.0
007 - PHYSICAL DESCRIPTION FIXED FIELD--GENERAL INFORMATION
fixed length control field ta
008 - FIXED-LENGTH DATA ELEMENTS--GENERAL INFORMATION
fixed length control field 160627s1989 000 0 eng d
020 ## - INTERNATIONAL STANDARD BOOK NUMBER
International Standard Book Number 9682428416
040 ## - CATALOGING SOURCE
Original cataloging agency CO-CtgCURN
Language of cataloging spa
Transcribing agency coctgcurn
082 0# - DEWEY DECIMAL CLASSIFICATION NUMBER
Classification number 370.092
Item number Y14m
100 1# - MAIN ENTRY--PERSONAL NAME
Personal name Dimitrios, Yaglis.
245 10 - TITLE STATEMENT
Title Montessori :
Remainder of title la educación natural y el medio /
Statement of responsibility, etc. Dimitrios Yaglis , traducción Guadalupe Cevallos.
260 ## - PUBLICATION, DISTRIBUTION, ETC.
Place of publication, distribution, etc. Mexico :
Name of publisher, distributor, etc. TTrillas,
Date of publication, distribution, etc. 1989.
300 ## - PHYSICAL DESCRIPTION
Extent 118 p.
336 ## - CONTENT TYPE
Source rdacontent
337 ## - MEDIA TYPE
Source rdamedia
Media type term sin mediacion
Media type code n
338 ## - CARRIER TYPE
Source rdacarrier
Carrier type term volumen
Carrier type code nc
490 1# - SERIES STATEMENT
Series statement Biblioteca grandes educadores ;
Volume/sequential designation 4
500 ## - GENERAL NOTE
General note Incluye indice.
504 ## - BIBLIOGRAPHY, ETC. NOTE
Bibliography, etc. note Bibliografia (p. 111-113)
505 8# - FORMATTED CONTENTS NOTE
Formatted contents note María Montessori: su vida, su obra, sus relaciones con sus precursores.--Análisis de los principios educativos.--Aplicacion del metodo Montessoriano
650 14 - SUBJECT ADDED ENTRY--TOPICAL TERM
Topical term or geographic name entry element Educación.
700 1# - ADDED ENTRY--PERSONAL NAME
Personal name Cevallos, Guadalupe,
Relator term Traductor.
908 ## - PUT COMMAND PARAMETER (RLIN)
Put command parameter 160627
942 ## - ADDED ENTRY ELEMENTS (KOHA)
Koha item type Libros
Classification part 370.092
Item part Y14m
Source of classification or shelving scheme Dewey Decimal Classification
Existencias
Withdrawn status Lost status Source of classification or shelving scheme Damaged status Not for loan Collection Home library Current library Shelving location Date acquired Inventory number Total checkouts Full call number Barcode Date last seen Copy number Price effective from Koha item type Public note
    Dewey Decimal Classification     General Miguel Henríquez Castañeda Miguel Henríquez Castañeda General 04/29/2025 006445   370.092 Y14m 006445 04/29/2025 ej.1 04/29/2025 Libros 370-EDUCAC
    Dewey Decimal Classification     General Miguel Henríquez Castañeda Miguel Henríquez Castañeda General 04/29/2025 013442   370.092 Y14m 013442 04/29/2025 ej.2 04/29/2025 Libros 370-EDUCAC